World-wide collaboration for the safe and peacefull [as printed] use of nuclear energy : proceedings of the international seminar held in Rome, Italy, 6-8 November 1986 /

Bibliographic Details
Corporate Authors: International Seminar on World-wide Collaboration for the Safe and Peaceful Use of Nuclear Energy Rome, Italy, Italy. Ministero degli affari esteri, Italy. Ministro senza portafoglio per il coordinamento della protezione civile
Other Authors: Pless, Irwin A.
Format: Conference Proceeding Book
Language:English
Published: [Erice, Italy] : New York : Editrice Galileo Galilei ; Gordon and Breach Science Publishers, [1987]
Series:Worldwide problems on nuclear issues ; v. 1.
Subjects:

MARC

Tag First Indicator Second Indicator Subfields
LEADER 00000cam a2200000 a 4500
001 in00000031231
005 20151007060337.0
008 870318s1987 it abe 10010 eng
010 |a  87008408  
020 |a 288124209X (pbk.) 
035 |a (OCoLC)15489546 
035 |9 AAC0623AM 
040 |a DLC  |c DLC  |d TXA  |d UtOrBLW 
049 |a TXAM  |c [A11683185] 
050 0 0 |a TK9152  |b .I5245 1986 
082 0 |a 363.1/79  |2 19 
111 2 |a International Seminar on World-wide Collaboration for the Safe and Peaceful Use of Nuclear Energy  |d (1986 :  |c Rome, Italy) 
245 1 0 |a World-wide collaboration for the safe and peacefull [as printed] use of nuclear energy :  |b proceedings of the international seminar held in Rome, Italy, 6-8 November 1986 /  |c under the sponsorship of the Italian Minister for Foreign Affairs and of the Italian Minister for Civil Protection ; edited by Irwin A. Pless ; with executive summary by Robert E. Budwine, Eugene P. Velikhov, Antonino Zichichi. 
264 1 |a [Erice, Italy] :  |b Editrice Galileo Galilei ;  |a New York :  |b Gordon and Breach Science Publishers,  |c [1987] 
264 4 |c ©1987 
300 |a xii, 241 pages :  |b illustrations, maps, plans ;  |c 23 cm. 
336 |a text  |b txt  |2 rdacontent 
337 |a unmediated  |b n  |2 rdamedia 
338 |a volume  |b nc  |2 rdacarrier 
490 1 |a Worldwide problems on nuclear issues,  |x 0892-9823 ;  |v v. 1 
500 |a Cover title: Proceedings of the International Seminar on World- wide Collaboration for the Safe and Peaceful Use of Nuclear Energy. 
500 |a Spine title: World-wide collaboration for safe and peaceful use of nuclear energy. 
500 |a Half title: Wo[r]ldwide collaboration for the safe and peaceful uses [sic] of nuclear energy. 
500 |a At head of cover title: International Committee, Science for Peace, International Centre for Scientific Culture, World Laboratory, Geneva, Moscow, Beijing. 
650 0 |a Nuclear reactors  |x Safety measures  |x International cooperation  |x Congresses. 
700 1 |a Pless, Irwin A. 
710 1 |a Italy.  |b Ministero degli affari esteri. 
710 1 |a Italy.  |b Ministro senza portafoglio per il coordinamento della protezione civile. 
740 0 |a Proceedings of the International Seminar on World-wide Collaboration for the Safe and Peaceful Use of Nuclear Energy. 
740 0 |a World-wide collaboration for safe and peaceful use of nuclear energy. 
740 0 |a Worldwide collaboration for the safe and peaceful uses of nuclear energy. 
830 0 |a Worldwide problems on nuclear issues ;  |v v. 1. 
999 |a MARS 
999 f f |s 5f1686a2-eab5-3434-b2c8-083a9fe03bc6  |i a9509c7d-9ddf-396a-9caf-229df58f5598  |t 0 
952 f f |p ric  |a Texas A&M University  |b Rellis Campus  |c Joint Library Facility  |d Remote Storage  |t 0  |e TK9152 .I5245 1986  |h Library of Congress classification  |i unmediated -- volume  |m A14811683185 
998 f f |a TK9152 .I5245 1986  |t 0  |l Remote Storage